<?xml version="1.0" encoding="UTF-8"?>
<record
    xmlns:xsi="http://www.w3.org/2001/XMLSchema-instance"
    xsi:schemaLocation="http://www.loc.gov/MARC21/slim http://www.loc.gov/standards/marcxml/schema/MARC21slim.xsd"
    xmlns="http://www.loc.gov/MARC21/slim">

  <leader>01372cam a22003013  4500</leader>
  <datafield tag="999" ind1=" " ind2=" ">
    <subfield code="c">8248</subfield>
    <subfield code="d">8248</subfield>
  </datafield>
  <controlfield tag="001">14692457</controlfield>
  <controlfield tag="003">GBCCL</controlfield>
  <controlfield tag="005">20241126110646.0</controlfield>
  <controlfield tag="008">070110t19371936ohuab    d    000 0 eng  </controlfield>
  <datafield tag="010" ind1=" " ind2=" ">
    <subfield code="a">   96847603 </subfield>
  </datafield>
  <datafield tag="040" ind1=" " ind2=" ">
    <subfield code="a">DLC</subfield>
    <subfield code="c">DLC</subfield>
  </datafield>
  <datafield tag="050" ind1="0" ind2="0">
    <subfield code="a">PE1625</subfield>
    <subfield code="b">.W3 1937b</subfield>
  </datafield>
  <datafield tag="082" ind1=" " ind2=" ">
    <subfield code="a">423</subfield>
    <subfield code="b">WEB</subfield>
  </datafield>
  <datafield tag="100" ind1="1" ind2=" ">
    <subfield code="a">Webster, Noah,</subfield>
    <subfield code="d">1758-1843.</subfield>
    <subfield code="9">14351</subfield>
  </datafield>
  <datafield tag="245" ind1="1" ind2="0">
    <subfield code="a">Webster's universal dictionary of the English language;</subfield>
    <subfield code="b">with a comprehensive addendum of newest words</subfield>
    <subfield code="c">compiled by Joseph Devlin; being the unabridged dictionary by Noah Webster, LL. D. Edited under the supervision of Thomas H. Russell, A.C. Bean, and L.B. Vaughn and a staff of eminent scholars, educators, and specialists.</subfield>
  </datafield>
  <datafield tag="260" ind1=" " ind2=" ">
    <subfield code="a">Cleveland,</subfield>
    <subfield code="b">World Syndicate,</subfield>
    <subfield code="c">1937, c1936.</subfield>
  </datafield>
  <datafield tag="300" ind1=" " ind2=" ">
    <subfield code="a">2 v.</subfield>
    <subfield code="b">illus., maps.</subfield>
    <subfield code="c">29 cm.</subfield>
  </datafield>
  <datafield tag="500" ind1=" " ind2=" ">
    <subfield code="a">"This dictionary is not published by the original publishers of Webster's dictionary or by their successors."</subfield>
  </datafield>
  <datafield tag="650" ind1=" " ind2="0">
    <subfield code="a">English language</subfield>
    <subfield code="v">Dictionaries.</subfield>
    <subfield code="9">13776</subfield>
  </datafield>
  <datafield tag="700" ind1="1" ind2=" ">
    <subfield code="a">Russell, Thomas Herbert,</subfield>
    <subfield code="d">1862-1947,</subfield>
    <subfield code="e">ed.</subfield>
    <subfield code="9">14352</subfield>
  </datafield>
  <datafield tag="700" ind1="1" ind2=" ">
    <subfield code="a">Bean, Albert C., [from old catalog]</subfield>
    <subfield code="e">joint ed.</subfield>
    <subfield code="9">14353</subfield>
  </datafield>
  <datafield tag="700" ind1="1" ind2=" ">
    <subfield code="a">Vaughn, L. Brent,</subfield>
    <subfield code="d">1873- [from old catalog]</subfield>
    <subfield code="e">joint ed.</subfield>
    <subfield code="9">14354</subfield>
  </datafield>
  <datafield tag="700" ind1="1" ind2=" ">
    <subfield code="a">Devlin, Joseph.</subfield>
    <subfield code="9">14355</subfield>
  </datafield>
  <datafield tag="906" ind1=" " ind2=" ">
    <subfield code="a">0</subfield>
    <subfield code="b">cbc</subfield>
    <subfield code="c">premver</subfield>
    <subfield code="d">u</subfield>
    <subfield code="e">ncip</subfield>
    <subfield code="f">19</subfield>
    <subfield code="g">y-gencatlg</subfield>
  </datafield>
  <datafield tag="942" ind1=" " ind2=" ">
    <subfield code="2">ddc</subfield>
    <subfield code="c">REF</subfield>
  </datafield>
  <datafield tag="952" ind1=" " ind2=" ">
    <subfield code="0">0</subfield>
    <subfield code="1">0</subfield>
    <subfield code="2">ddc</subfield>
    <subfield code="4">0</subfield>
    <subfield code="7">0</subfield>
    <subfield code="a">GBC</subfield>
    <subfield code="b">GBC</subfield>
    <subfield code="c">DIC</subfield>
    <subfield code="d">2019-08-07</subfield>
    <subfield code="l">0</subfield>
    <subfield code="o">423 WEB</subfield>
    <subfield code="p">004579</subfield>
    <subfield code="r">2025-05-01 00:00:00</subfield>
    <subfield code="t">v.1 </subfield>
    <subfield code="w">2019-08-07</subfield>
    <subfield code="y">REF</subfield>
  </datafield>
  <datafield tag="952" ind1=" " ind2=" ">
    <subfield code="0">0</subfield>
    <subfield code="1">0</subfield>
    <subfield code="2">ddc</subfield>
    <subfield code="4">0</subfield>
    <subfield code="7">0</subfield>
    <subfield code="a">GBC</subfield>
    <subfield code="b">GBC</subfield>
    <subfield code="c">DIC</subfield>
    <subfield code="d">2019-08-07</subfield>
    <subfield code="l">0</subfield>
    <subfield code="o">423 WEB</subfield>
    <subfield code="p">004581</subfield>
    <subfield code="r">2025-05-01 00:00:00</subfield>
    <subfield code="t">v.2</subfield>
    <subfield code="w">2019-08-07</subfield>
    <subfield code="y">REF</subfield>
  </datafield>
</record>
